Człowiek roku tygodnika Time - XXI wiek - Statystyki

Ogólne statystyki
  • Ten quiz został rozwiązany 30 razy
  • Średni wynik to 11 z 20
Statystyki odpowiedzi
Obrazkowy Hint Odpowiedź % Poprawnych
2008 Barack Obama
100%
2012 Barack Obama
100%
2016 Donald Trump
100%
2007 Władimir Putin
100%
2015 Angela Merkel
97%
2013 papież Franciszek
93%
2020 Joe Biden
90%
2004 George W. Bush
77%
2005 Bill i Melinda Gates
73%
2010 Mark Zuckerberg
63%
2019 Greta Thunberg
60%
2020 Kamala Harris
37%
2005 Bono
27%
2001 Rudy Giuliani
10%
2002 Cynthia Cooper
7%
2009 Ben Bernanke
3%
2002 Coleen Rowley
3%
2018 Dżamal Chaszukdżi
3%
2018 Maria Ressa
3%
2018 Wa Lone
3%
Nie znaleziono quizów pasujących do podanych kryteriów
Rozkład punktacji
Procent ludzi z każdym wynikiem
Percentyl według liczby udzielonych odpowiedzi
Twoja historia wyników
Nie rozwiązałeś tego quizu